000 01325nam0a2200313 4500
001 RU\NLR\BIBL_A\022478423
005 20250809113104.0
035 _a(NLR Aleph) 022478423
090 _a84765
_c84765
100 _a20250304d1943 u y0rusy50 ca
101 0 _arus
102 _aRU
105 _aa z 000yy
181 0 _ai
_bxxxe
182 0 _an
200 1 _aПрактика борьбы со взрывами каменноугольной пыли в шахтах
_fС. Я. Хейфиц
203 _aТекст
_bвизуальный
_cнепосредственный
210 _aМосква
_aЛенинград
_cГосударственное научно-техническое изд-во нефтяной и горно-топливной литературы
_d1943
215 _a79, [1] с.
_cил., табл.
_d22
320 _aБиблиогр.: с. 78
606 _aКаменноугольная пыль
_xВзрывы
_xБорьба с ними
_2nlr_sh1
_2nlr_sh2
_3RU\NLR\AUTH\66332220
686 3 _aИ182.1,1
700 1 _aХейфиц
_bС. Я.
_gСемен Яковлевич
852 _aNLR
_jТ26 Г-6/64
942 _cBOOK
945 _aРоссийская национальная библиотека
980 _aBV